000 00798 a2200229 4500
001 10468
005 20260407155438.0
008 260407a1993 arg spa d
003 AR-UNSa-BCEJYS
040 _aAR-UNSa-BCEJYS
_bspa
_cAR-UNSa-BCEJYS
080 _a347.72
_xSociedades comerciales
245 1 0 _aLey de sociedades comerciales
_pComentada, anotada y concordada
020 _a950-569-046-0
250 _a2a. ed.
264 1 _aBuenos Aires :
_bAbaco
_c1993
300 _a2 v.
_c22 cm.
505 _aVol. 1: Artículos 1 a 55 - Vol. 2: Artículos 56 a 145
942 _cBK
590 _aniveau_biblio:m niveau_hierar:0
100 1 _aNissen, Ricardo Augusto
856 4 1 _uhttps://biblioeco.unsa.edu.ar/pmb/images/libros/Ley de Sociedades Comerciales(Tomo2).jpg
_yImagen de portada
_qimage/jpeg
999 _c461
_d461